Saint to Country - Statistics

General Stats
  • This quiz has been taken 69 times
  • The average score is 15 of 32
Answer Stats
Hint Answer % Correct
St. Joan of Arc France
82%
Pope St. John Paul II Poland
82%
St. Thomas More United Kingdom
78%
St. Rose of Lima Peru
76%
St. Hildegard of Bingen Germany
73%
St. Francis of Assisi Italy
73%
St. Bernadette France
69%
Pope St. John XXIII Italy
59%
St. Matthew the Apostle Israel
57%
St. Padre Pio Italy
55%
St. Juan Diego Mexico
55%
St. Teresa of Calcutta North Macedonia
55%
St. Francis de Sales France
53%
St. Elizabeth Ann Seton United States
49%
St. Faustina Poland
45%
St. Rita of Cascia Italy
43%
St. Ignatius of Loyola Spain
43%
St. Kateri Tekakwitha United States
43%
St. Thomas Aquinas Italy
39%
St. Katharine Drexel United States
39%
St. Vincent de Paul France
35%
St. Maximilian Kolbe Poland
35%
St. Paul Miki Japan
31%
St. Augustine Algeria
29%
St. Monica Algeria
27%
St. Francis Xavier Spain
27%
St. Dominic Spain
27%
St. Sebastian France
22%
St. Paul the Apostle Turkey
20%
St. Philomena Greece
18%
St. Martin de Porres Peru
16%
St. Mark the Evangelist Libya
2%
No matching quizzes found
Score Distribution
Percent of People with Each Score
Percentile by Number Answered
Your Score History
You have not taken this quiz